| 000 | 00671nam a22001937a 4500 | ||
|---|---|---|---|
| 005 | 20131015152314.0 | ||
| 010 | _aB-527662 | ||
| 020 |
_a9788123921907 _c650.00 |
||
| 035 | _aB-527662 | ||
| 037 | _aRP/Karol Bagh | ||
| 082 | _a616.01 | ||
| 100 | _aArora D.R. | ||
| 245 |
_aTextbook of microbiology / _cby D.R.Arora and Brij Bala Arora |
||
| 260 |
_aNew Delhi _bCBS Pub. |
||
| 270 |
_aCBS Plaza,4819/XI Prahlad Street,24 Ansari Road,Daryagang, _bNew Delhi _e110002 |
||
| 300 |
_a769p. _b24cm(pbk) _cill. |
||
| 942 |
_2ddc _cEN _h616.01 _mARO |
||
| 999 |
_c79552 _d79552 |
||